000 00245pab a2200109 454500
008 180718b xxu||||| |||| 00| 0 eng d
100 _aKrishnamoorthy, B
245 _aBlack money and society
650 _aMoney
773 _aPatriot
909 _a24149
999 _c24149
_d24149